Маркетинг в сфере услуг: учебное пособие для вузов

Detaylı Bibliyografya
Yazar: Скрынникова И. А. Ирина Анатольевна
Özet:В учебном пособии рассматриваются особенности использования маркетинговых инструментов, характерные для предприятий и организаций сферы сервиса, рассматриваются экономическая сущность, классификация и типологизация услуг, особенности формирования и тенденции изменения рынка услуг, раскрывается содержание основных конъюнктурообразующих факторов рынка услуг, особенности маркетинга услуг, его отличия от маркетинга товаров. Обоснованы теоретически, а также раскрыты на конкретных примерах техно логии оценки внутреннего маркетинга и механизм повышения его эффективности, методы прогнозирования, которые могут использоваться в организациях сервиса. Учебное пособие предназначено для изучения дисциплин «Основы маркетинга», «Маркетинг в отраслях и сферах деятельности», «Маркетинговые иссле­дования» студентами специальностей 080111 «Маркетинг», 032401 «Реклама», направлений подготовки 100700 «Торговое дело», 031600 «Реклама и связи с общественностью» и других экономических специальностей и направлений.
Dil:Rusça
Baskı/Yayın Bilgisi: Москва, Изд-во МГУ, 2012
Konular:
Materyal Türü: Kitap
KOHA link:https://koha.lib.tpu.ru/cgi-bin/koha/opac-detail.pl?biblionumber=213705

MARC

LEADER 00000nam0a2200000 4500
001 213705
005 20231101225833.0
010 |a 9785211062184 
035 |a (RuTPU)RU\TPU\book\233523 
090 |a 213705 
100 |a 20120417d2012 m y0rusy50 ca 
101 0 |a rus 
102 |a RU 
105 |a a j 001zy 
200 1 |a Маркетинг в сфере услуг  |e учебное пособие для вузов  |f И. А. Скрынникова 
210 |a Москва  |c Изд-во МГУ  |d 2012 
215 |a 203 с.  |c ил. 
320 |a Библиогр.: с. 187-189. 
330 |a В учебном пособии рассматриваются особенности использования маркетинговых инструментов, характерные для предприятий и организаций сферы сервиса, рассматриваются экономическая сущность, классификация и типологизация услуг, особенности формирования и тенденции изменения рынка услуг, раскрывается содержание основных конъюнктурообразующих факторов рынка услуг, особенности маркетинга услуг, его отличия от маркетинга товаров. Обоснованы теоретически, а также раскрыты на конкретных примерах техно логии оценки внутреннего маркетинга и механизм повышения его эффективности, методы прогнозирования, которые могут использоваться в организациях сервиса. Учебное пособие предназначено для изучения дисциплин «Основы маркетинга», «Маркетинг в отраслях и сферах деятельности», «Маркетинговые иссле­дования» студентами специальностей 080111 «Маркетинг», 032401 «Реклама», направлений подготовки 100700 «Торговое дело», 031600 «Реклама и связи с общественностью» и других экономических специальностей и направлений. 
606 1 |a Сфера услуг  |2 stltpush  |3 (RuTPU)RU\TPU\subj\37002  |9 58173 
610 1 |a рынок услуг 
610 1 |a услуги 
610 1 |a классификация 
610 1 |a конъюнктурный анализ 
610 1 |a конкуренция 
610 1 |a маркетинг 
610 1 |a маркетинговые исследования 
610 1 |a сервис 
610 1 |a сервисные организации 
610 1 |a внутренний маркетинг 
610 1 |a прогнозирование 
610 1 |a методы 
610 1 |a учебные пособия 
686 |a У9(2)49я73  |v LBC/SL-A  |2 rubbk 
700 1 |a Скрынникова  |b И. А.  |g Ирина Анатольевна 
801 1 |a RU  |b 63413507  |c 20120417 
801 2 |a RU  |b 63413507  |c 20150602  |g RCR 
900 |a Маркетинг в отраслях и сферах деятельности 
900 |a Маркетинг в социально-культурной сфере и туризме 
900 |a Маркетинг в социально-культурном сервисе и туризме 
900 |a Маркетинг таможенных услуг 
942 |c BK 
951 |b 100700  |b 031600 
959 |a 58/20120417  |d 2  |e 317,00  |f ЧЗГЛ:1  |f АНЛ:1